[Event "Tournoi Skype 026A"]
[Site "Skype"]
[Date "????.??.??"]
[Round "4.30"]
[White "Bankhede, Shivkumar"]
[Black "Trivedi, Viral"]
[Result "0-1"]
[WhiteElo "1377"]
[BlackElo "1550"]
[PlyCount "30"]

1. e4 e6 2. Nf3 d5 3. d3 dxe4 4. Nc3 exf3 5. Qxf3 Bb4 6. Bd2 Nf6 7. O-O-O O-O
8. a3 Bxc3 9. Bxc3 c6 10. Be2 Nd5 11. Bd2 Nd7 12. Qg3 Qc7 13. Qg4 N7f6 14. Qa4
Bd7 15. Qb3 a5 0-1

[Event "Tournoi Skype 026A"]
[Site "Skype"]
[Date "????.??.??"]
[Round "4.31"]
[White "Grib, Johannes"]
[Black "Chavero, Victor"]
[Result "1-0"]
[WhiteElo "1530"]
[BlackElo "1457"]
[PlyCount "89"]

1. d4 Nf6 2. e3 d5 3. f4 b6 4. Nf3 Bb7 5. Bd3 Nc6 6. c3 Qd6 7. Ng5 h6 8. Nf3 e6
9. Ne5 Qe7 10. Bb5 Qd6 11. Qa4 Be7 12. Bxc6+ Bxc6 13. Nxc6 O-O 14. Ne5 c5 15.
Qd1 cxd4 16. O-O dxe3 17. Bxe3 Ne4 18. Nd2 Nc5 19. Bd4 Rac8 20. Qg4 Bf6 21. Nb3
a5 22. Kh1 a4 23. Nc4 Qc7 24. Bxf6 g6 25. Nd4 Nd7 26. Nxe6 Qxc4 27. Bd4 Rfe8
28. Qh4 h5 29. Ng7 Re7 30. Qxe7 Nf8 31. Qe5 Nd7 32. Qg5 Qd3 33. Qh6 g5 34. Qxg5
Nf8 35. Nxh5+ Ng6 36. Nf6+ Kf8 37. Qh6+ Ke7 38. Nxd5+ Kd6 39. Nb4 Qe2 40. Rad1
Re8 41. Be5+ Kc5 42. Bd6+ Kc4 43. Qg5 Qxb2 44. Qd5+ Kxc3 45. Qd3# 1-0

[Event "Tournoi Skype 026A"]
[Site "Skype"]
[Date "????.??.??"]
[Round "4.32"]
[White "Ram, Madhukesh"]
[Black "Pouteau, Pascal"]
[Result "0-1"]
[WhiteElo "1540"]
[BlackElo "1441"]
[PlyCount "80"]

1. e4 d6 2. d4 Nf6 3. Nc3 Bg4 4. Nf3 Nbd7 5. h3 Bh5 6. Bf4 e5 7. dxe5 Nxe5 8.
Bxe5 dxe5 9. Be2 Bd6 10. O-O Qe7 11. Re1 Rd8 12. Nd5 Nxd5 13. exd5 O-O 14. Nd4
Bg6 15. Nb5 Bb4 16. c3 Bc5 17. a4 a6 18. Na3 Qh4 19. Rf1 Be4 20. c4 c6 21. Qb3
Qg5 22. Bf3 Bf5 23. Qxb7 e4 24. Bg4 Bxg4 25. hxg4 cxd5 26. cxd5 Rxd5 27. Qxa6
e3 28. Qe2 Rd2 29. f4 Qd5 30. Rad1 Rd8 31. Nc4 Rxe2 32. Rxd5 Rxd5 33. Kh1 Rc2
34. b4 Rxc4 35. bxc5 e2 36. Rb1 Rd1+ 37. Rxd1 exd1=Q+ 38. Kh2 Qxg4 39. a5 Qxf4+
40. Kh3 Qh4# 0-1

[Event "Tournoi Skype 026A"]
[Site "Skype"]
[Date "????.??.??"]
[Round "4.33"]
[White "Alvarez, Juan Evangelista"]
[Black "Scata, Laura"]
[Result "1-0"]
[WhiteElo "1535"]
[BlackElo "1440"]
[PlyCount "67"]

1. d4 c6 2. Nf3 d5 3. Qd3 Nf6 4. Nc3 Bg4 5. Ne5 Bh5 6. Bg5 Nbd7 7. Nxd7 Nxd7 8.
e4 Qc7 9. exd5 cxd5 10. Nxd5 Qa5+ 11. Bd2 Qxd5 12. f3 e6 13. c4 Qc6 14. Be2 Bg6
15. Qe3 Be7 16. O-O O-O 17. Rac1 Nc5 18. Qb3 Nxb3 19. axb3 Rfd8 20. Bc3 Bg5 21.
f4 Bf6 22. Bf3 Be4 23. d5 exd5 24. cxd5 Qxd5 25. Bxf6 gxf6 26. h4 Bxf3 27. Rxf3
Rac8 28. Ra1 a6 29. Ra4 Rc2 30. f5 Rc1+ 31. Kh2 Qe5+ 32. Rg3+ Kh8 33. Rag4 Rg8
34. Rxg8# 1-0

[Event "Tournoi Skype 026A"]
[Site "Skype"]
[Date "????.??.??"]
[Round "4.35"]
[White "Leyton Calderon, Jairo Oswaldo"]
[Black "Navghane, Rahul"]
[Result "1-0"]
[WhiteElo "1654"]
[BlackElo "1561"]
[PlyCount "73"]

1. Nf3 b6 2. b3 Bb7 3. Bb2 d6 4. d4 Nf6 5. e3 c5 6. Be2 Nbd7 7. O-O cxd4 8.
exd4 e6 9. Nbd2 Be7 10. Re1 O-O 11. c4 d5 12. Rc1 h6 13. Qc2 Rc8 14. Qb1 Bb4
15. a3 Bxd2 16. Nxd2 Re8 17. Bf3 Qe7 18. h3 Qd6 19. cxd5 Bxd5 20. Nc4 Bxc4 21.
bxc4 Qc7 22. Qa2 Qd6 23. Rcd1 Qc7 24. Rc1 Re7 25. a4 Ree8 26. Qb3 e5 27. g3 e4
28. Bg2 a6 29. Re3 Re6 30. Ba3 b5 31. cxb5 Qb7 32. Rxc8+ Qxc8 33. Rc3 Qb7 34.
Bf1 Rb6 35. a5 Re6 36. Bc4 Nd5 37. Bxd5 1-0

[Event "Tournoi Skype 026A"]
[Site "Skype"]
[Date "????.??.??"]
[Round "5.1"]
[White "Siret, Bernard"]
[Black "Deville, Olivier"]
[Result "1-0"]
[WhiteElo "2063"]
[BlackElo "2081"]
[PlyCount "41"]

1. d4 Nf6 2. c3 e6 3. Bg5 h6 4. Bh4 b6 5. Nd2 d6 6. f3 Be7 7. Qc2 Nbd7 8. e4 e5
9. dxe5 dxe5 10. O-O-O c5 11. Nc4 Qc7 12. g4 b5 13. Ne3 c4 14. Nf5 Bf8 15. Bf2
Nc5 16. h4 Be6 17. Nh3 a5 18. Be2 b4 19. Bxc5 Qxc5 20. g5 Nh5 21. Qa4+ 1-0

[Event "Tournoi Skype 026A"]
[Site "Skype"]
[Date "????.??.??"]
[Round "5.2"]
[White "Lopez, Jose Luis"]
[Black "Dal, Ibrahim"]
[Result "1-0"]
[WhiteElo "1879"]
[BlackElo "1870"]
[PlyCount "53"]

1. e4 c6 2. d4 d5 3. Nd2 dxe4 4. Nxe4 Nd7 5. Nf3 Ngf6 6. Ng3 e6 7. Bd3 c5 8.
O-O cxd4 9. Nxd4 Bc5 10. Nb3 Be7 11. Qe2 O-O 12. Bg5 h6 13. Be3 b6 14. Rad1 Bb7
15. Bb5 Qc7 16. Rd4 Bd5 17. Rfd1 Qb7 18. Ba6 Qc6 19. c4 Bxg2 20. Bb5 Qb7 21.
Rxd7 Qf3 22. Rxe7 Rad8 23. Rxd8 Rxd8 24. Nd4 Qa8 25. f3 Bh3 26. Nc6 Rc8 27.
Rxa7 1-0

[Event "Tournoi Skype 026A"]
[Site "Skype"]
[Date "????.??.??"]
[Round "5.3"]
[White "Prasath, Malola"]
[Black "Benson, Paul"]
[Result "0-1"]
[WhiteElo "2104"]
[BlackElo "2052"]
[PlyCount "78"]

1. e4 c5 2. Nf3 g6 3. d4 cxd4 4. Qxd4 Nf6 5. e5 Nc6 6. Qd2 Ne4 7. Qe3 d5 8.
exd6 Nxd6 9. Na3 Bg7 10. c3 O-O 11. Be2 a6 12. h4 h5 13. Nc4 Nxc4 14. Bxc4 Qd6
15. a4 Ne5 16. Nxe5 Qxe5 17. a5 Qc7 18. Bb3 Bd7 19. Qg5 Qe5+ 20. Be3 Qxg5 21.
hxg5 Bc6 22. f3 Rfd8 23. Bb6 Rd7 24. Rh4 Be5 25. f4 Bc7 26. Bd4 e5 27. fxe5
Bxe5 28. O-O-O Bg3 29. Rh3 Bf4+ 30. Be3 Rxd1+ 31. Kxd1 Bxg2 32. Bxf4 Bxh3 33.
Ke2 Be6 34. c4 Rc8 35. Kd3 Rc5 36. Bd2 h4 37. Kd4 h3 38. Bf4 Rf5 39. Bc7 Rxg5
0-1

[Event "Tournoi Skype 026A"]
[Site "Skype"]
[Date "????.??.??"]
[Round "5.4"]
[White "Ibarra Cantu, Raul Alberto"]
[Black "Aravena, Alvaro"]
[Result "1-0"]
[WhiteElo "1947"]
[BlackElo "1641"]
[PlyCount "28"]

1. e4 e5 2. Nf3 d6 3. d4 exd4 4. Nxd4 Nf6 5. Nc3 Be7 6. g3 O-O 7. Bg2 Re8 8.
O-O Bf8 9. Re1 Nbd7 10. Qd2 Nc5 11. b4 Ncd7 12. Bb2 a6 13. Nd5 Nxd5 14. exd5
Nf6 1-0

[Event "Tournoi Skype 026A"]
[Site "Skype"]
[Date "????.??.??"]
[Round "5.6"]
[White "Diaz, Jose Garcia"]
[Black "Mayor Martinez, Juan Jose"]
[Result "1-0"]
[WhiteElo "1839"]
[BlackElo "1892"]
[PlyCount "63"]

1. e4 c5 2. Nf3 d6 3. b3 Nd7 4. Bb2 e5 5. Nc3 Ngf6 6. Bc4 h6 7. h3 a6 8. a4 Nb6
9. O-O Be7 10. d3 O-O 11. Nd2 Nxc4 12. Nxc4 Bd7 13. a5 Bc6 14. f4 Qc7 15. fxe5
dxe5 16. Ne2 Nd7 17. Ng3 f6 18. Nf5 Qd8 19. Qg4 Rf7 20. Nxh6+ Kf8 21. Nxf7 Kxf7
22. Bxe5 Nxe5 23. Nxe5+ Kg8 24. Nxc6 bxc6 25. Qe6+ Kf8 26. e5 Qd4+ 27. Kh1 Rd8
28. Rae1 Qd5 29. exf6 Bxf6 30. Rxf6+ gxf6 31. Qxf6+ Kg8 32. Re7 1-0

[Event "Tournoi Skype 026A"]
[Site "Skype"]
[Date "????.??.??"]
[Round "5.7"]
[White "Legueltel, Daniel"]
[Black "Grosso, Raul"]
[Result "1/2-1/2"]
[WhiteElo "1617"]
[BlackElo "1871"]
[PlyCount "96"]

1. d4 Nf6 2. Bf4 g6 3. e3 Bg7 4. Nf3 d6 5. Nbd2 O-O 6. Bd3 Nc6 7. c3 Re8 8. h3
h6 9. Qc2 e5 10. dxe5 dxe5 11. Bh2 Qe7 12. e4 Nh7 13. O-O Be6 14. Rfe1 Ng5 15.
Nxg5 Qxg5 16. Nf3 Qf6 17. Qe2 Rad8 18. Bc4 Na5 19. Nxe5 Nxc4 20. Nxc4 Bxc4 21.
Qxc4 Rd2 22. Re2 Rd7 23. Rae1 Qb6 24. Qb3 Qxb3 25. axb3 Re6 26. f3 Bf8 27. b4
Ra6 28. Kf1 Ra2 29. Bg1 Bg7 30. g3 h5 31. Kg2 Rd3 32. Bf2 b6 33. g4 hxg4 34.
hxg4 a5 35. bxa5 bxa5 36. Bc5 Be5 37. Rc2 f6 38. Ree2 Kf7 39. Red2 Rxd2+ 40.
Rxd2 Bf4 41. Re2 a4 42. Ba3 Ke6 43. Re1 Bd6 44. Bxd6 Rxb2+ 45. Kg1 cxd6 46. Ra1
Rc2 47. Rxa4 Rxc3 48. Kf2 g5 1/2-1/2

[Event "Tournoi Skype 026A"]
[Site "Skype"]
[Date "????.??.??"]
[Round "5.8"]
[White "Rico Hernandez, Edgar"]
[Black "Khabou, Taha"]
[Result "1/2-1/2"]
[WhiteElo "1840"]
[BlackElo "1547"]
[PlyCount "101"]

1. d4 d5 2. c4 e6 3. Nc3 c5 4. dxc5 Bxc5 5. cxd5 exd5 6. Qxd5 Qb6 7. e3 Nf6 8.
Qd1 O-O 9. Nf3 Nc6 10. Be2 Bf5 11. a3 Rad8 12. Qa4 a5 13. O-O Rfe8 14. Qb5 Ne4
15. Qxb6 Bxb6 16. Nxe4 Bxe4 17. Rd1 Bc2 18. Rd2 Be4 19. Kf1 Bc7 20. h3 h6 21.
Ke1 Ne5 22. Rxd8 Rxd8 23. Bd2 Nd3+ 24. Bxd3 Bxf3 25. Bf1 Bc6 26. Bc3 a4 27. Rd1
Rxd1+ 28. Kxd1 Bd5 29. Kd2 f5 30. f3 Kf7 31. Bd3 f4 32. e4 Bc6 33. Bc4+ Kg6 34.
Kd3 b5 35. Ba2 Bd7 36. e5 Kf5 37. e6 Bxe6 38. Bxe6+ Kxe6 39. Bxg7 h5 40. Ke4
Bd6 41. Bc3 Bc7 42. Bd2 Be5 43. Bc1 Bg7 44. Kd3 Kd5 45. Kc2 Be5 46. Bd2 Kc4 47.
Bc1 Kd5 48. Bd2 Kc4 49. Bc1 Kd4 50. Bd2 Kc4 51. Bc1 1/2-1/2

[Event "Tournoi Skype 026A"]
[Site "Skype"]
[Date "????.??.??"]
[Round "5.9"]
[White "Khunte, Aniruddha"]
[Black "Altinok, Selim"]
[Result "0-1"]
[WhiteElo "1650"]
[BlackElo "1921"]
[PlyCount "88"]

1. e4 g6 2. d4 d6 3. Bc4 Bg7 4. Nf3 Nf6 5. Nc3 O-O 6. Be3 c6 7. Qd2 b5 8. Bb3
b4 9. Ne2 Nxe4 10. Qxb4 a5 11. Qa4 Bg4 12. Ng3 Bxf3 13. gxf3 Nf6 14. h4 h5 15.
O-O-O d5 16. c4 Qc7 17. Kb1 Nbd7 18. cxd5 cxd5 19. Rc1 Qb7 20. Qc6 Qxc6 21.
Rxc6 a4 22. Bc2 Rfb8 23. Rc1 Ne8 24. Ne2 Rb4 25. a3 Rb6 26. Bxa4 Rxa4 27. Rc8
Ndf6 28. Bg5 Kh7 29. Nc3 Rxa3 30. Bxf6 Nxf6 31. Rc7 Rab3 32. Na4 Rb7 33. R7c2
Rxf3 34. Nc5 Rb4 35. Re1 e6 36. Na6 Rb6 37. Nc5 Ng4 38. Nd7 Rb7 39. Nc5 Rb5 40.
Nxe6 fxe6 41. Rxe6 Rxf2 42. Rc7 Rfxb2+ 43. Kc1 Rb7 44. Rxg7+ Kxg7 0-1

[Event "Tournoi Skype 026A"]
[Site "Skype"]
[Date "????.??.??"]
[Round "5.10"]
[White "Vasquez, Oscar"]
[Black "Segura Lozano, Marcos Antonio"]
[Result "0-1"]
[WhiteElo "1599"]
[BlackElo "1834"]
[PlyCount "56"]

1. c4 Nf6 2. Nf3 e6 3. Nc3 Bb4 4. Qc2 O-O 5. g3 c5 6. a3 Bxc3 7. Qxc3 Nc6 8. d3
d5 9. Bg2 d4 10. Qc2 Qc7 11. O-O e5 12. Bg5 Ne8 13. Rfe1 h6 14. Bd2 Be6 15.
Rac1 Rc8 16. e4 Qd7 17. b4 cxb4 18. axb4 f6 19. Rb1 Rf7 20. Qa4 a6 21. Qd1 Bh3
22. Bh1 g5 23. b5 Ne7 24. bxa6 bxa6 25. Ra1 Ra8 26. Qb3 Ng6 27. Reb1 Nf4 28.
Ne1 Ne2# 0-1

[Event "Tournoi Skype 026A"]
[Site "Skype"]
[Date "????.??.??"]
[Round "5.11"]
[White "Karia, Vijay"]
[Black "Rajpurohit, Dinesh"]
[Result "1-0"]
[WhiteElo "1816"]
[BlackElo "1555"]
[PlyCount "51"]

1. e4 c6 2. d4 d5 3. exd5 Qxd5 4. Nc3 Qd8 5. Nf3 Bg4 6. Bc4 e6 7. h3 Bxf3 8.
gxf3 Bb4 9. Qd3 Nf6 10. Bg5 Nbd7 11. O-O-O Qa5 12. Bd2 O-O-O 13. a3 Bxa3 14.
bxa3 Qxa3+ 15. Kb1 Ne5 16. Qe2 Nxc4 17. Qxc4 Nd5 18. Rhg1 Nxc3+ 19. Qxc3 Qa4
20. Qb4 Qa6 21. Rde1 Rd5 22. Re5 Rxe5 23. dxe5 Rd8 24. Rxg7 Qe2 25. Rxf7 Qxd2
26. Qxb7# 1-0

[Event "Tournoi Skype 026A"]
[Site "Skype"]
[Date "????.??.??"]
[Round "5.12"]
[White "Yeter, Orhan"]
[Black "Murgia, Stefano"]
[Result "1-0"]
[WhiteElo "1595"]
[BlackElo "1811"]
[PlyCount "91"]

1. e4 e5 2. Nf3 Nc6 3. Bb5 a6 4. Bxc6 dxc6 5. d4 exd4 6. Qxd4 Qxd4 7. Nxd4 Bd7
8. O-O O-O-O 9. Be3 Ne7 10. c4 c5 11. Nb3 b6 12. a4 Nc6 13. a5 Kb7 14. axb6
cxb6 15. Nc3 Bd6 16. Rfd1 Be5 17. Nd5 f6 18. Rab1 Bc7 19. Nd2 Ne5 20. b4 cxb4
21. Nxc7 Kxc7 22. Rxb4 b5 23. cxb5 Bxb5 24. Rc1+ Kd7 25. Rd4+ Ke6 26. Nb3 Rxd4
27. Nxd4+ Ke7 28. Nf5+ Kf7 29. Nd6+ Ke6 30. Nxb5 axb5 31. Rc7 Rd8 32. Kf1 Rd7
33. Rc1 Nc4 34. Ke2 g5 35. Rb1 Nxe3 36. Kxe3 Rb7 37. Kd4 h5 38. g3 Rd7+ 39. Ke3
Rb7 40. f4 b4 41. Kd4 Kd6 42. Rb2 b3 43. Kc3 Rc7+ 44. Kxb3 Rb7+ 45. Kc3 Rc7+
46. Kd4 1-0

[Event "Tournoi Skype 026A"]
[Site "Skype"]
[Date "????.??.??"]
[Round "5.13"]
[White "Engstrom, Olle"]
[Black "Casey, Eamonn"]
[Result "1/2-1/2"]
[WhiteElo "1771"]
[BlackElo "1575"]
[PlyCount "54"]

1. e4 e6 2. d4 d5 3. Nd2 Nf6 4. e5 Nfd7 5. Bd3 c5 6. c3 Nc6 7. Ne2 Be7 8. O-O
O-O 9. Nf3 Qb6 10. Nf4 Nd8 11. Re1 f6 12. Nh4 fxe5 13. Bxh7+ Kxh7 14. Qh5+ Kg8
15. Nfg6 Bxh4 16. Nxh4 Nf7 17. Re3 Nf6 18. Qg6 Ne4 19. Rh3 Nxf2 20. Rg3 Ng5 21.
Rxg5 Qc7 22. Rh5 Ne4 23. Qh7+ Kf7 24. Ng6 Nf6 25. Nxe5+ Qxe5 26. dxe5 Nxh7 27.
Rxh7 Kg6 1/2-1/2

[Event "Tournoi Skype 026A"]
[Site "Skype"]
[Date "????.??.??"]
[Round "5.14"]
[White "Carballo, Jorge"]
[Black "Rapaire, Jean-Michel"]
[Result "0-1"]
[WhiteElo "1515"]
[BlackElo "1701"]
[PlyCount "82"]

1. d4 d6 2. Nf3 Bg4 3. e4 Nd7 4. Be2 Ngf6 5. Nc3 g6 6. Bg5 Bg7 7. O-O h6 8.
Bxf6 Nxf6 9. h3 Bd7 10. e5 Nh7 11. exd6 exd6 12. Bb5 O-O 13. Bxd7 Qxd7 14. Re1
Rfe8 15. Qd2 Nf6 16. Rxe8+ Rxe8 17. Re1 Kf8 18. Rxe8+ Qxe8 19. Qe2 Qxe2 20.
Nxe2 Ke7 21. c4 Nd7 22. b3 c6 23. Nd2 f5 24. Nb1 Nf6 25. Nbc3 Ne8 26. d5 Nc7
27. dxc6 bxc6 28. Kf1 Bxc3 29. Nxc3 Ke6 30. Ke2 Ke5 31. Ke3 Ne6 32. g3 f4+ 33.
gxf4+ Nxf4 34. Ne2 Nxe2 35. Kxe2 Kf4 36. a3 c5 37. b4 cxb4 38. axb4 Ke4 39. Kd2
Kd4 40. c5 dxc5 41. bxc5 Kxc5 0-1

[Event "Tournoi Skype 026A"]
[Site "Skype"]
[Date "????.??.??"]
[Round "5.15"]
[White "Aceituno, Stebe"]
[Black "Silva, Rodrigo De Souza"]
[Result "0-1"]
[WhiteElo "1593"]
[BlackElo "1893"]
[PlyCount "24"]

1. e4 c5 2. Nf3 e6 3. d4 cxd4 4. Nxd4 Nc6 5. c4 Nf6 6. f3 Bc5 7. Be3 Qb6 8.
Nxc6 Bxe3 9. Ne5 Qxb2 10. Qe2 Qxe2+ 11. Kxe2 Bd4 12. Nd3 Bxa1 0-1

[Event "Tournoi Skype 026A"]
[Site "Skype"]
[Date "????.??.??"]
[Round "5.16"]
[White "Saponara, Jose Maria"]
[Black "Vello, Pablo"]
[Result "1-0"]
[WhiteElo "1756"]
[BlackElo "1581"]
[PlyCount "59"]

1. c4 c5 2. Nf3 Nc6 3. Nc3 e6 4. e4 d6 5. Be2 Be7 6. O-O Nf6 7. a3 O-O 8. d4
cxd4 9. Nxd4 Nxd4 10. Qxd4 e5 11. Qd3 a6 12. b4 Bd7 13. Bb2 Bc6 14. Rad1 Qc7
15. Nd5 Nxd5 16. exd5 Ba4 17. Rc1 Qd7 18. Qg3 Qf5 19. Bd3 Qg5 20. Qh3 f5 21.
Rc3 e4 22. f4 Qh4 23. Be2 Qxh3 24. Rxh3 Rac8 25. Bd4 Bf6 26. Be3 Bb3 27. Rc1
Bb2 28. Rb1 Bxa3 29. Rxb3 Bxb4 30. Rxb4 1-0

[Event "Tournoi Skype 026A"]
[Site "Skype"]
[Date "????.??.??"]
[Round "5.18"]
[White "Le Brun, Yves"]
[Black "Yardimci, Ertan"]
[Result "1/2-1/2"]
[WhiteElo "1719"]
[BlackElo "1560"]
[PlyCount "57"]

1. d4 Nf6 2. Nf3 d6 3. Bf4 g6 4. e3 Bg7 5. Bd3 O-O 6. Nbd2 Nbd7 7. h3 Re8 8. c3
e5 9. dxe5 dxe5 10. Bg5 h6 11. Bxf6 Nxf6 12. Bc2 b6 13. Qe2 c5 14. Rd1 Qc7 15.
O-O Bb7 16. Nc4 Bxf3 17. Qxf3 Rad8 18. Rxd8 Rxd8 19. Rd1 Rxd1+ 20. Qxd1 Bf8 21.
e4 b5 22. Ne3 c4 23. Nd5 Qc6 24. a3 Kg7 25. Qf3 Qd6 26. b4 Qc6 27. Nxf6 Qxf6
28. Qxf6+ Kxf6 29. g4 1/2-1/2

[Event "Tournoi Skype 026A"]
[Site "Skype"]
[Date "????.??.??"]
[Round "5.19"]
[White "Teles, Jeferson Lisboa"]
[Black "Calderon, Francisco"]
[Result "1-0"]
[WhiteElo "1552"]
[BlackElo "1674"]
[PlyCount "79"]

1. e4 e5 2. Nf3 Nf6 3. Nxe5 Qe7 4. d4 d6 5. Nf3 Nxe4 6. Be2 Bg4 7. O-O h6 8.
Re1 d5 9. Ne5 Bf5 10. f3 Ng5 11. Bb5+ Kd8 12. Bxg5 hxg5 13. Nc6+ bxc6 14. Rxe7
Bxe7 15. Bd3 Be6 16. Nc3 Bd6 17. g3 Nd7 18. Qd2 Rh5 19. Re1 g6 20. Be2 Nf6 21.
f4 Ng4 22. Bxg4 Bxg4 23. fxg5 Be7 24. Rxe7 Kxe7 25. Qf4 Bd7 26. Ne2 Rh3 27.
Qf6+ Kf8 28. Nf4 Rh7 29. Nxg6+ Kg8 30. Nf4 Re8 31. h4 Bg4 32. g6 Rg7 33. gxf7+
Rxf7 34. Qg6+ Kf8 35. Qxg4 Ke7 36. Qe6+ Kf8 37. Ng6+ Kg7 38. Qxe8 Kxg6 39.
Qxc6+ Rf6 40. Qxd5 1-0

[Event "Tournoi Skype 026A"]
[Site "Skype"]
[Date "????.??.??"]
[Round "5.20"]
[White "Trivedi, Viral"]
[Black "Sepulveda, Lyda Marcela"]
[Result "1/2-1/2"]
[WhiteElo "1550"]
[BlackElo "1653"]
[PlyCount "27"]

1. d4 d5 2. Nf3 c6 3. Bf4 Nf6 4. e3 Bf5 5. Nbd2 e6 6. c4 Nbd7 7. Qb3 Qc8 8. Be2
Nh5 9. O-O Nxf4 10. exf4 Bd6 11. g3 O-O 12. Rac1 Nf6 13. Rfe1 Re8 14. Ne5
1/2-1/2

[Event "Tournoi Skype 026A"]
[Site "Skype"]
[Date "????.??.??"]
[Round "5.21"]
[White "Salazar Ticeran, Antonio"]
[Black "Khetre, Gaurav"]
[Result "0-1"]
[WhiteElo "1541"]
[BlackElo "1640"]
[PlyCount "78"]

1. e4 e6 2. d4 d5 3. e5 c5 4. Bb5+ Bd7 5. Nc3 Bxb5 6. Nxb5 Qa5+ 7. Nc3 cxd4 8.
Qxd4 Nc6 9. Qa4 Qxa4 10. Nxa4 Nxe5 11. Bf4 Ng6 12. Bg3 Rc8 13. Rc1 Nf6 14. f3
Bb4+ 15. c3 Be7 16. b4 Bxb4 17. Ne2 Be7 18. O-O O-O 19. Nd4 a6 20. Nb6 Rcd8 21.
a4 Bc5 22. a5 e5 23. Bf2 exd4 24. cxd4 Bxb6 25. axb6 Rc8 26. Bg3 Nd7 27. Bc7
Nh4 28. Rfe1 Nf5 29. Kf2 Rfe8 30. Rxe8+ Rxe8 31. g4 Nxd4 32. Rd1 Nb5 33. Rxd5
Re2+ 34. Kxe2 Nc3+ 35. Kd3 Nxd5 36. Kd4 N5xb6 37. Bxb6 Nxb6 38. Kc5 Nc8 39. Kb4
b6 0-1

[Event "Tournoi Skype 026A"]
[Site "Skype"]
[Date "????.??.??"]
[Round "5.22"]
[White "Montalvo, Mario"]
[Black "Grib, Johannes"]
[Result "1-0"]
[WhiteElo "1639"]
[BlackElo "1530"]
[PlyCount "55"]

1. d4 Nf6 2. Nc3 e6 3. Bf4 d6 4. e4 Be7 5. Bd3 Nc6 6. Nf3 h6 7. h3 a6 8. Qd2 g5
9. Bg3 Nh5 10. Bh2 Nb4 11. Be2 d5 12. exd5 Nxd5 13. Nxd5 Qxd5 14. Bxc7 Bd6 15.
Bxd6 Qxd6 16. Ne5 Nf4 17. Bf3 h5 18. g3 Ng6 19. Qxg5 Nxe5 20. Qxe5 Qf8 21. O-O
f5 22. d5 Rh6 23. dxe6 Ra7 24. Qc7 Bxe6 25. Qb8+ Kf7 26. Qxa7 Kg8 27. Qxb7 f4
28. Bd5 1-0

[Event "Tournoi Skype 026A"]
[Site "Skype"]
[Date "????.??.??"]
[Round "5.23"]
[White "Pouteau, Pascal"]
[Black "Lovell, Stan"]
[Result "0-1"]
[WhiteElo "1441"]
[BlackElo "1634"]
[PlyCount "98"]

1. d4 Nf6 2. Bf4 e6 3. Nf3 c5 4. e3 Nc6 5. c3 d5 6. Bd3 Bd6 7. Bg3 O-O 8. Nbd2
Re8 9. Ne5 Qc7 10. Ndf3 h6 11. Bh4 Nxe5 12. dxe5 Bxe5 13. Nxe5 Qxe5 14. Bg3 Qh5
15. Bb5 Qxd1+ 16. Rxd1 Rd8 17. c4 Bd7 18. Bc7 Rdc8 19. Bxd7 Rxc7 20. Ba4 a6 21.
cxd5 exd5 22. O-O Rd8 23. Rd2 b5 24. Bc2 g6 25. Rfd1 Rcd7 26. Kf1 Kf8 27. h3
Ke7 28. Ke2 Ke6 29. Rd3 Ne8 30. f3 Nc7 31. Kf2 d4 32. e4 c4 33. R3d2 b4 34. Ba4
Rd6 35. Rc1 c3 36. bxc3 dxc3 37. Bb3+ Ke7 38. Re2 a5 39. Ke1 Ne6 40. Bxe6 Kxe6
41. Rec2 Rd2 42. Kf1 a4 43. Ke1 R2d3 44. Ke2 Rd2+ 45. Ke1 Rxc2 46. Rxc2 Rc8 47.
Kd1 Ke5 48. Ke2 b3 49. axb3 axb3 0-1

[Event "Tournoi Skype 026A"]
[Site "Skype"]
[Date "????.??.??"]
[Round "5.24"]
[White "Pezzolato, Erica"]
[Black "Perrone, Gabriel Lorenzo"]
[Result "0-1"]
[WhiteElo "1417"]
[BlackElo "1603"]
[PlyCount "102"]

1. Nf3 Nf6 2. g3 g6 3. Bg2 Bg7 4. O-O O-O 5. d3 d5 6. Nbd2 c5 7. c4 Nc6 8. b3
b6 9. Bb2 Bb7 10. cxd5 Nxd5 11. Bxg7 Kxg7 12. Rc1 e6 13. Nc4 Nf6 14. Qd2 Nd4
15. Nxd4 Bxg2 16. Nxe6+ fxe6 17. Kxg2 Rc8 18. Qb2 Kg8 19. Kg1 Nd5 20. e3 Nb4
21. Ne5 Nxd3 22. Nxd3 Qxd3 23. Rfd1 Qf5 24. Qc2 Rcd8 25. Qxf5 exf5 26. Kf1 Kf7
27. Ke2 Ke7 28. Rc4 Rxd1 29. Kxd1 Rd8+ 30. Ke2 Ke6 31. e4 Rd4 32. exf5+ Kxf5
33. Rxd4 cxd4 34. f3 h5 35. h4 Ke5 36. Kd3 b5 37. b4 a6 38. a3 Kd5 39. g4 Ke5
40. gxh5 gxh5 41. f4+ Kxf4 42. Kxd4 Kg4 43. Kc5 Kxh4 44. Kb6 Kg3 45. Kxa6 h4
46. Kxb5 h3 47. Ka6 h2 48. b5 h1=Q 49. b6 Qa8+ 50. Kb5 Qxa3 51. b7 Qa7 0-1

[Event "Tournoi Skype 026A"]
[Site "Skype"]
[Date "????.??.??"]
[Round "5.25"]
[White "Castillo, Jesus"]
[Black "Sauvaget, Joel"]
[Result "1-0"]
[WhiteElo "1587"]
[BlackElo "1523"]
[PlyCount "47"]

1. e4 e5 2. Nf3 d6 3. Bc4 h6 4. O-O Nf6 5. d4 exd4 6. e5 Nfd7 7. exd6 Bxd6 8.
Qxd4 O-O 9. Nc3 Nf6 10. Nb5 Nc6 11. Qd1 Be7 12. Bf4 Ne8 13. Qxd8 Bxd8 14. Rad1
Bg4 15. Rde1 Bxf3 16. gxf3 a6 17. Nc3 Be7 18. Nd5 Bd8 19. Kh1 Rc8 20. Rg1 Na5
21. Bd3 c6 22. Ne7+ Bxe7 23. Rxe7 c5 24. Bxh6 1-0

[Event "Tournoi Skype 026A"]
[Site "Skype"]
[Date "????.??.??"]
[Round "5.26"]
[White "Thoune, Jim"]
[Black "Gharbi, Said"]
[Result "1-0"]
[WhiteElo "1553"]
[BlackElo "1598"]
[PlyCount "37"]

1. Nf3 c6 2. e4 d5 3. e5 Bg4 4. d4 e6 5. Be2 c5 6. c3 c4 7. Nbd2 h6 8. O-O f6
9. Re1 Ne7 10. exf6 gxf6 11. Nh4 Bxe2 12. Qxe2 e5 13. Qh5+ Kd7 14. dxe5 fxe5
15. Rxe5 Bg7 16. Qg4+ Kd6 17. Qe6+ Kc5 18. b4+ Kb5 19. a4# 1-0

[Event "Tournoi Skype 026A"]
[Site "Skype"]
[Date "????.??.??"]
[Round "5.27"]
[White "Mordaa, Ahmad"]
[Black "Marino, Giuseppe"]
[Result "1-0"]
[WhiteElo "1561"]
[BlackElo "1466"]
[PlyCount "133"]

1. e4 e5 2. Nf3 d6 3. d4 exd4 4. Nxd4 Nf6 5. Nd2 Bg4 6. Be2 Bxe2 7. Qxe2 Be7 8.
Nf5 O-O 9. O-O Re8 10. Qe3 Bf8 11. Qg3 Nxe4 12. Nh6+ Kh8 13. Nxf7+ Kg8 14. Nxd8
Nxg3 15. fxg3 Rxd8 16. Re1 Nd7 17. Nf3 Re8 18. Bf4 h6 19. Rad1 Nf6 20. Nd4
Rxe1+ 21. Rxe1 Re8 22. Kf1 Rxe1+ 23. Kxe1 Kf7 24. Nb5 Nd5 25. Bd2 a6 26. Nd4 g6
27. c4 Nf6 28. Ke2 h5 29. Ba5 c6 30. Nf3 Bh6 31. Bc3 Nd7 32. Nd4 Bg7 33. Ke3
Ne5 34. b3 c5 35. Ne2 Ng4+ 36. Ke4 Bxc3 37. Nxc3 Nxh2 38. Kd5 Ke7 39. Ne4 Kd7
40. Nxd6 b6 41. Nf7 Ng4 42. Ne5+ Nxe5 43. Kxe5 Ke7 44. Kd5 Kd7 45. a3 g5 46.
Ke5 g4 47. Kf5 Kd6 48. Kg5 Ke5 49. Kxh5 Kd4 50. Kxg4 Kc3 51. Kf4 Kxb3 52. g4
Kxc4 53. g5 Kd4 54. g6 c4 55. g7 c3 56. g8=Q c2 57. Qd8+ Kc3 58. Qf6+ Kd2 59.
Qd4+ Ke2 60. Qe3+ Kd1 61. Qg1+ Kd2 62. g4 c1=Q 63. Qe3+ Kc2 64. Qxc1+ Kxc1 65.
g5 Kb2 66. g6 Kxa3 67. g7 1-0

[Event "Tournoi Skype 026A"]
[Site "Skype"]
[Date "????.??.??"]
[Round "5.28"]
[White "Hilton, Stephen"]
[Black "Escudero Ocana, Francisco"]
[Result "1-0"]
[WhiteElo "1799"]
[BlackElo "1398"]
[PlyCount "57"]

1. e4 e5 2. Nf3 d5 3. exd5 e4 4. Qe2 Nf6 5. Nc3 Bf5 6. d3 Bb4 7. Bd2 Bxc3 8.
Bxc3 Qxd5 9. dxe4 Bxe4 10. Rd1 Qe6 11. Nd4 Qe7 12. f3 Bd5 13. Qxe7+ Kxe7 14.
Nf5+ Kf8 15. Bxf6 gxf6 16. Rxd5 Nc6 17. Bb5 Nb4 18. Rd7 a6 19. Bc4 Re8+ 20. Kf2
Re5 21. Rxf7+ Ke8 22. Ng7+ Kd8 23. Rd1+ Kc8 24. Rdd7 Rc5 25. Be6 Rxc2+ 26. Kg3
Kb8 27. a3 Nd3 28. Rxd3 Rc8 29. Bxc8 1-0

[Event "Tournoi Skype 026A"]
[Site "Skype"]
[Date "????.??.??"]
[Round "5.30"]
[White "Ramirez Reina, Orlando"]
[Black "Leyton Calderon, Jairo Oswaldo"]
[Result "1-0"]
[WhiteElo "1476"]
[BlackElo "1654"]
[PlyCount "61"]

1. d4 Nf6 2. c4 g6 3. Nc3 Bg7 4. e4 d6 5. f4 O-O 6. Be2 c5 7. d5 e6 8. Nf3 exd5
9. exd5 Na6 10. a3 Bf5 11. Bd3 Re8+ 12. Be2 Ng4 13. h3 Ne3 14. Bxe3 Rxe3 15.
Kf2 Qe7 16. Qd2 Re8 17. Rhe1 Bh6 18. g4 Bxf4 19. gxf5 Rxf3+ 20. Bxf3 Qh4+ 21.
Kg2 Qg3+ 22. Kf1 Bxd2 23. Rxe8+ Kg7 24. f6+ Kh6 25. Ke2 Qh2+ 26. Kd3 Bg5 27.
Ne4 Bf4 28. Rb1 Be5 29. Re7 Bxb2 30. Rxb7 Qe5 31. R7xb2 1-0